000 00473nam a2200145Ia 4500
008 220214s9999 xx 000 0 und d
022 _a0046-8991
245 0 _aINDIAN JOURNAL OF MICROBIOLOGY
260 _bAssociation of Microbiologists of India, Hissar, Haryana
_aIndia
310 _aQ
500 _aEnding Volume & Year: 39, 1999
500 _aMissing Volume: 14(4);18(4);20(1);23(1,3);25;26;29;30;33;35(3)
500 _aStarting Volume & Year: 13, 1973
942 _cBJ
999 _c16173
_d16173